Kamus Mutiara : Bahasa arab -Bahasa Malaysia

Bibliographic Details
Format: Book
Published: Kuala Lumpur : Fargoes , 2010
Series:Edisi Pertama
Subjects:

MARC

LEADER 00000cam a2200000 7i4500
001 0000050908
005 20160106.0
008 150728
020 |a 9789673074433 
090 0 0 |a 499.233927   |b KAM 
245 1 0 |a Kamus Mutiara :   |b Bahasa arab -Bahasa Malaysia 
260 |a Kuala Lumpur :   |b Fargoes ,   |c 2010 
490 1 |a Edisi Pertama 
650 0 |a Bahasa Malaysia   |x Bahasa Arab   |x Dictionary 
999 |a 0001200288   |b Book   |c REFERENCE   |e Cawangan Tmn. Ungku Tun Aminah 
999 |a 0001200289   |b Book   |c Adult Collection   |e Cawangan Sri Merlong 
999 |a 0001200290   |b Book   |c Adult Collection   |e Cawangan Mersing 
999 |a 0001200291   |b Book   |c Adult Collection   |e Cawangan Kota Tinggi 
999 |a 0001200292   |b Book   |c Adult Collection   |e Cawangan Bukit Gambir 
999 |a 0001200293   |b Book   |c Adult Collection   |e Cawangan Bandar Tenggara 
999 |a 0001200294   |b Book   |c Adult Collection   |e Cawangan Bandar Penawar 
999 |a 0001200296   |b Book   |c Adult Collection   |e Cawangan Pontian 
999 |a 0001200298   |b Book   |c Adult Collection   |e Cawangan Segamat 
999 |a 0001200299   |b Book   |c Adult Collection   |e Cawangan Muar